Business model generation: a handbook for visionaries, game changers, and challengers

Guardat en:
Dades bibliogràfiques
Autors principals: Osterwalder, Alexander (Autor), Pigneur, Yves (Autor)
Format: Llibre
Idioma:anglès
Publicat: Hoboken John Wiley and Sons 2010
Matèries:
Etiquetes: Afegir etiqueta
Sense etiquetes, Sigues el primer a etiquetar aquest registre!

MARC

LEADER 00000cam a2200000 a 4500
001 UCF2743
003 CL-VaPUC
008 120910e20100000US |||||||||||||||||eng|d
020 |a 9780470876411 
082 0 4 |a 658  |b OST  |2 21 
100 0 |a Osterwalder, Alexander  |e author  |9 564511 
700 |a Pigneur, Yves  |e author  |9 564512 
245 1 0 |a Business model generation: a handbook for visionaries, game changers, and challengers 
300 |a 278 p 
942 |c BK 
945 |d 20120910 00:00:00  |a cmena 
260 |a Hoboken  |b John Wiley and Sons  |c 2010 
650 0 |a Administración de empresas   |9 260833 
650 7 |a INNOVACIONES TECNOLOGICAS  |2 CL-VaPUC  |9 564513 
650 0 |a Creatividad   |9 310816 
650 0 |a Competitividad   |9 308495 
650 0 |a Planificación estratégica   |9 259735 
583 |a last modification  |c 20120910 11:39:00  |k Rodrigo Vera 
999 |c 349282  |d 349280 
952 |0 0  |1 0  |4 0  |6 658_000000000000000_OST_2010  |7 0  |8 A  |9 451848  |a BIBING  |b BIBING  |d 2019-11-22  |i 490172K  |o 658 OST 2010  |p 490172K  |r 2025-01-20  |w 2019-11-22  |y BK  |k EII 
952 |0 0  |1 0  |3 erb  |4 0  |6 658_000000000000000_OST_2010  |7 0  |8 A  |9 451849  |a BIBING  |b BIBING  |i 5199719  |o 658 OST 2010  |p 5199719  |r 2025-01-20  |w 2019-11-22  |y BK  |z Catalogado en:20150928  |k EII 
952 |0 0  |1 0  |3 erb  |4 0  |6 658_000000000000000_OST_2010  |7 0  |8 A  |9 451850  |a BIBING  |b BIBING  |i 5199700  |o 658 OST 2010  |p 5199700  |r 2025-01-20  |w 2019-11-22  |y BK  |z Catalogado en:20150928  |k EII